A heart of stone / (Record no. 828)

MARC details
000 -LEADER
fixed length control field 00653cam a2200241 a 4500
005 - DATE AND TIME OF LATEST TRANSACTION
control field 20260322212035.0
008 - FIXED-LENGTH DATA ELEMENTS--GENERAL INFORMATION
fixed length control field data
010 ## - LIBRARY OF CONGRESS CONTROL NUMBER
LC control number 00043597
020 ## - INTERNATIONAL STANDARD BOOK NUMBER
International Standard Book Number 014200023X (pbk.)
020 ## - INTERNATIONAL STANDARD BOOK NUMBER
International Standard Book Number 9780142000236 (pbk.)
040 ## - CATALOGING SOURCE
Original cataloging agency DLC
Transcribing agency DLC
Modifying agency DLC
041 1# - LANGUAGE CODE
Language code of text/sound track or separate title eng
Language code of original dut
050 00 - LIBRARY OF CONGRESS CALL NUMBER
Classification number PT5881.14.O67
Item number H3713 2001
082 00 - DEWEY DECIMAL CLASSIFICATION NUMBER
Classification number 839.3/1364
Edition information 21
001 - CONTROL NUMBER
control field data
100 1# - MAIN ENTRY--PERSONAL NAME
Personal name Dorrestein, Renate.
240 10 - UNIFORM TITLE
Uniform title Hart van steen.
Language of a work English
245 12 - TITLE STATEMENT
Title A heart of stone /
Statement of responsibility, etc. Renate Dorrestein & Hester Velmans.
250 ## - EDITION STATEMENT
Edition statement Translated from Danish.
260 ## - PUBLICATION, DISTRIBUTION, ETC.
Place of publication, distribution, etc. New York :
Name of publisher, distributor, etc. Penguin Books,
Date of publication, distribution, etc. 2001, 2002.
300 ## - PHYSICAL DESCRIPTION
Extent 243 p. ;
Dimensions 22 cm.
700 1# - ADDED ENTRY--PERSONAL NAME
Personal name Velmans, Hester.
Holdings
Withdrawn status Lost status Damaged status Not for loan Home library Current library Shelving location Date acquired Total checkouts Full call number Barcode Date last seen Price effective from Koha item type
        Pleasant Valley Pleasant Valley General stacks 22/03/2026   839.3/1364 21 BC0010852 22/03/2026 22/03/2026 Books